| 000 | | | 05222cbc2a2200000#x 450 |
| 001 | | | 3ace9654-054a-48d1-8bbb-b60df34ca6cb |
| 005 | | | 20230918102338.0 |
| 100 | ## | $a | 20171116l18621864k l0rusy0189 ca |
| 101 | 0# | $a | rus |
| 102 | ## | $a | RU |
| 200 | 1# | $a | Дело о переделке парапетов боковых императорских лож и сорока восьми лож в четырех ярусах Михайловского театра |
| | $j | 12 июля 1862 г. - 13 октября 1864 г. |
| 251 | ## | $c | Дело |
| 300 | ## | $a | По Санкт-Петербургской дирекции за 1862 год |
| 300 | ## | $a | Рукописный текст. Чернила |
| 801 | #0 | $a | RU |
| | $b | РГИА |
| | $c | 20171116 |
| 801 | #1 | $a | RU |
| | $b | ГлавНИВЦ |
| | $c | 20171116 |
| | $2 | rusmarc |
| 801 | #2 | $a | RU |
| | $b | ПБ им. Б.Н. Ельцина |
| | $c | 20190617 |
| | $g | RCR |
| | $2 | rusmarc |
| 850 | ## | $a | Федеральное казенное учреждение "Российский государственный исторический архив" |
| 852 | ## | $a | РГИА |
| | $j | 18490 |
| 937 | ## | $h | РГИА |
| | $d | 12253775 |
| | $a | ASBIBLIO_SCAN |
| 462 | #0 | $1 | 001e40fcb0b-ae70-479b-99ff-446a4d3065c4 |
| | $1 | 2001 |
| | $a | 1850-1884 гг. |
| | $v | Д. 18490 |
| | $1 | 251 |
| | $c | Опись |
| | $1 | 852 |
| | $j | 2 |
| 461 | #0 | $1 | 0019264ebf8-de62-4f1a-9eb4-9f22098dbbd5 |
| | $1 | 2001 |
| | $a | Дирекция императорских театров МИДв |
| | $1 | 251 |
| | $c | Фонд |
| | $1 | 852 |
| | $j | 497 |
| 215 | ## | $a | 35 листов |
| | $d | 36,5х26 см |
| 371 | ## | $a | Документ не является опубликованным и широко распространяемым |
| 105 | ## | $a | y### |
| 122 | 2# | $a | d18620712## |
| | $a | d18641013## |
| 035 | ## | $a | 3ace9654-054a-48d1-8bbb-b60df34ca6cb |
| 856 | ## | $u | http://readingroom.main.prlib.ru/item.aspx?id_node=n130371241&mode=full |
| 605 | ## | $2 | acquisition_Prlib |
| | $3 | DITM\AF\0000002775 |
| | $a | Власть |
| | $l | коллекция |
| 605 | ## | $2 | acquisition_Prlib |
| | $3 | LIBNET\UAF\0000108230 |
| | $a | Управление делами Президента Российской Федерации: история и современность |
| | $l | коллекция |
| 606 | 1# | $2 | nlr_sh |
| | $3 | RU\NLR\AUTH\66949298 |
| | $a | Придворный быт |
| | $j | Архивные дела |
| | $y | Россия |
| | $z | 19 в. |
| 601 | 02 | $2 | prlib_sh |
| | $3 | LIBNET\UAF\0000084411 |
| | $a | Михайловский театр |
| | $c | Санкт-Петербург, город |
| | $j | Архивные дела |
| | $x | История |
| 686 | ## | $2 | rubbk |
| | $a | 63.3(2)52-75ю1 |
| | $v | LBC/M |
| 686 | ## | $2 | rubbk |
| | $a | 85.33ю1 |
| | $v | LBC/M |